000 00334nam a2200157Ia 4500
003 0STCL
008 150530s9999 xx 000 0 und d
040 _aSTCL
_cSTCL
100 _aJhabvala, R.P.
245 _aNew domination
260 _c1972
546 _aEnglish
942 _2ddc
_cBK
999 _c58372
_d58372
005 20220125171045.0